| 000 | 00533nam a22001817a 4500 | ||
|---|---|---|---|
| 003 | 0 | ||
| 005 | 20251114123754.0 | ||
| 008 | 251114b xxu||||| |||| 00| 0 eng d | ||
| 020 | _a1-931561-46-X | ||
| 050 |
_aPS 3564.I362T56 _b.N54 2003 |
||
| 100 |
_aNiffenegger, Audrey, _eauthor. |
||
| 245 |
_aThe Time traveler's wife / _cAudrey Niffenegger. |
||
| 260 |
_aSan Francisco, CA : _bMacAdam/Cage, _c2003. |
||
| 300 |
_a518 pages ; _c24 cm. |
||
| 650 |
_aTime travel _xFiction. |
||
| 650 |
_aMarried people _xFiction. |
||
| 942 |
_2lcc _cBK |
||
| 999 |
_c368649 _d368649 |
||